Comparative constitutional law / (Record no. 57606)

MARC details
000 -LEADER
fixed length control field 02771nam a22003617a 4500
005 - DATE AND TIME OF LATEST TRANSACTION
control field 20111013122952.0
010 ## - LCCN (DPL NO)
LC control number ENG-103971 B-457780-789
020 ## - INTERNATIONAL STANDARD BOOK NUMBER
Terms of availability 895.00
International Standard Book Number 9788186772423
035 ## - SYSTEM CONTROL NUMBER
System control number EN-87504 B-457780-789
037 ## - SOURCE OF ACQUISITION
Source of stock number/acquisition DBAD/PUB
037 ## - SOURCE OF ACQUISITION
Source of stock number/acquisition K.K.Pub/Ven
082 ## - DEWEY DECIMAL CLASSIFICATION NUMBER
Classification number 342.02
100 ## - MAIN ENTRY--PERSONAL NAME
Personal name Jothi Jagarajan, D.
245 ## - TITLE STATEMENT
Title Comparative constitutional law /
Statement of responsibility, etc by D. Jothi Jagarajan
260 ## - PUBLICATION, DISTRIBUTION, ETC. (IMPRINT)
Place of publication, distribution, etc New Delhi
Name of publisher, distributor, etc New Academic Publishers
Date of publication, distribution, etc 2011
270 ## - ADDRESS
Address 4760-61, 23, Ansari Road, Daryaganj
City New Delhi
Postal code 110002
300 ## - PHYSICAL DESCRIPTION
Extent xiv,227p.
Dimensions 22cm (Hb)
500 ## - GENERAL NOTE
General note Includes bibliographical references
700 ## - ADDED ENTRY--PERSONAL NAME
9 (RLIN) 35492
942 ## - ADDED ENTRY ELEMENTS (KOHA)
Source of classification or shelving scheme Dewey Decimal Classification
Item type English Books
Classification part 342.02
Call number suffix JOT
Holdings
Withdrawn status Lost status Not for loan Collection code Home library Current library Date acquired Source of acquisition Cost, normal purchase price Full call number Barcode Copy number Cost, replacement price Koha item type
      Non-fiction Andrews Gunj Andrews Gunj 07/06/2012 K.K.Pub/1658/24.01.2012/25/24.01.2012/06.02.2012 895.00 342.02 JOT B-457785 1 895.00 English Books
      Non-fiction Bawana Bawana 07/06/2012 K.K.Pub/1658/24.01.2012/25/24.01.2012/06.02.2012 895.00 342.02 JOT B-457787 1 895.00 English Books
      Non-fiction Central Library Central Library 07/06/2012 K.K.Pub/1658/24.01.2012/25/24.01.2012/06.02.2012 895.00 342.02 JOT B-457780 1 895.00 English Books
    Not For Loan Non-fiction D.B.Act.Division D.B.Act.Division 13/10/2011 DBAD/PUB 895.00 342.02 JOT EN-87504 1 895.00 English Books
      Non-fiction Janak Puri Janak Puri 07/06/2012 K.K.Pub/1658/24.01.2012/25/24.01.2012/06.02.2012 895.00 342.02 JOT B-457782 1 895.00 English Books
      Non-fiction Narela Narela 07/06/2012 K.K.Pub/1658/24.01.2012/25/24.01.2012/06.02.2012 895.00 342.02 JOT B-457788 1 895.00 English Books
      Non-fiction Patel Nagar Patel Nagar 07/06/2012 K.K.Pub/1658/24.01.2012/25/24.01.2012/06.02.2012 895.00 342.02 JOT B-457781 1 895.00 English Books
      Non-fiction R.K.Puram-8 R.K.Puram-8 07/06/2012 K.K.Pub/1658/24.01.2012/25/24.01.2012/06.02.2012 895.00 342.02 JOT B-457784 1 895.00 English Books
      Non-fiction Sarojini Nagar Sarojini Nagar 07/06/2012 K.K.Pub/1658/24.01.2012/25/24.01.2012/06.02.2012 895.00 342.02 JOT B-457783 1 895.00 English Books
      Non-fiction Shahdara Branch Shahdara Branch 07/06/2012 K.K.Pub/1658/24.01.2012/25/24.01.2012/06.02.2012 895.00 342.02 JOT B-457789 1 895.00 English Books
      Non-fiction Vinoba Puri Vinoba Puri 07/06/2012 K.K.Pub/1658/24.01.2012/25/24.01.2012/06.02.2012 895.00 342.02 JOT B-457786 1 895.00 English Books

© Delhi Public Library
Hit Counter
free hit counter